[Event "Elit(Team Viking-Manhem)"]
[Site "?"]
[Date "2015.11.08"]
[Round "3"]
[White "Lindberg, Bo"]
[Black "Moberg, Karl Johan"]
[Result "1/2-1/2"]
[WhiteElo "2422"]
[BlackElo "2295"]
[PlyCount "102"]

1. d4 Nf6 2. Nf3 g6 3. Nbd2 d5 4. e3 Bg7 5. b4 O-O 6. Be2 b6 7. Bb2 Nbd7 8. b5
Bb7 9. O-O c5 10. bxc6 Bxc6 11. c4 dxc4 12. Nxc4 Ne4 13. Rc1 Bd5 14. Qa4 a6 15.
Nce5 Nxe5 16. dxe5 Qb8 17. Rfd1 e6 18. Bd4 Rc8 19. Qa3 Bf8 20. Rxc8 Qxc8 21.
Qb2 b5 22. Ne1 b4 23. Rc1 Qb8 24. Bc4 Bxc4 25. Rxc4 Qb5 26. Rc7 Rd8 27. Qc2 Nc3
28. Bxc3 bxc3 29. Rxc3 Qxe5 30. g3 Bb4 31. Rc8 Rxc8 32. Qxc8+ Kg7 33. Nd3 Qa1+
34. Kg2 a5 35. Qc4 Qc3 36. Qb5 Be7 37. a4 h5 38. h4 Qc7 39. Kf3 Qc2 40. Kg2 Qc7
41. Ne5 Qc3 42. Nc6 Bb4 43. Qb7 Qc5 44. Qb5 Qc3 45. e4 Bc5 46. Nxa5 Qc2 47. Nb3
Qxf2+ 48. Kh3 Qf3 49. Kh2 Qf2+ 50. Kh3 Qf3 51. Kh2 Qf2+ 1/2-1/2

[Event "Elit(Team Viking-Manhem)"]
[Site "?"]
[Date "2015.11.08"]
[Round "3"]
[White "Berggren Torell, Harald"]
[Black "Sagit, Rauan"]
[Result "1/2-1/2"]
[WhiteElo "2172"]
[BlackElo "2368"]
[PlyCount "50"]

1. e4 c5 2. Nf3 d6 3. d4 cxd4 4. Nxd4 Nf6 5. Nc3 a6 6. Bg5 e6 7. f4 Qb6 8. Qd2
Nc6 9. Bxf6 gxf6 10. Nb3 Bd7 11. O-O-O O-O-O 12. Kb1 Kb8 13. Bc4 Rc8 14. Rhf1
Na5 15. Nxa5 Qxa5 16. Bb3 Be7 17. g3 h5 18. Ne2 Qc5 19. f5 Qe5 20. Nf4 Rcg8 21.
fxe6 fxe6 22. Nd3 Qd4 23. Nf4 Qe5 24. Nd3 Qb5 25. Qf4 Qe5 1/2-1/2

[Event "Elit(Team Viking-Manhem)"]
[Site "?"]
[Date "2015.11.08"]
[Round "3"]
[White "Nithander, Victor"]
[Black "Boe Olsen, Filip"]
[Result "1/2-1/2"]
[WhiteElo "2426"]
[BlackElo "2247"]
[PlyCount "110"]
[EventDate "2015.??.??"]

1. c4 c6 2. Nf3 d5 3. g3 Nf6 4. Bg2 Bf5 5. O-O e6 6. cxd5 cxd5 7. d3 Nc6 8. a3
Be7 9. b4 h6 10. Nbd2 O-O 11. Bb2 Bh7 12. Rc1 Rc8 13. Qb3 b5 14. Rc2 Qb6 15.
Rfc1 Qb7 16. Ne5 Nxe5 17. Bxe5 Nd7 18. Nf3 Nxe5 19. Nxe5 Rxc2 20. Qxc2 Bf6 21.
Nc6 Kh8 22. Na5 Qb8 23. Qc5 a6 24. h4 Bg6 25. Bf3 h5 26. Nc6 Qc8 27. Kg2 Re8
28. Rc2 Kh7 29. Kg1 Qc7 30. e4 dxe4 31. Bxe4 e5 32. Bxg6+ fxg6 33. Qd5 Qc8 34.
Rc5 Qf5 35. Qe4 Re6 36. Kf1 Kh6 37. Ke2 Qxe4+ 38. dxe4 g5 39. hxg5+ Kxg5 40.
Nd4 Re7 41. Nf3+ Kg4 42. Rc6 Kh3 43. Rxa6 Rc7 44. Ne1 Rc4 45. Ke3 Bg5+ 46. Kf3
Rc3+ 47. Ke2 Rc4 48. Nf3 Bf6 49. Nd2 Rc2 50. Kd3 Ra2 51. Ke3 h4 52. gxh4 Bxh4
53. Rg6 Bxf2+ 54. Kxf2 Rxd2+ 55. Ke3 Ra2 1/2-1/2

[Event "Elit(Eksjo-Burgsvik)"]
[Site "?"]
[Date "2015.11.08"]
[Round "3"]
[White "Krupenski, Juri"]
[Black "Grandelius, Nils"]
[Result "1/2-1/2"]
[WhiteElo "2403"]
[BlackElo "2628"]
[PlyCount "82"]

1. c4 e6 2. d4 Nf6 3. Nf3 d5 4. e3 b6 5. b3 Bb7 6. Bd3 Bd6 7. O-O O-O 8. Bb2
Nbd7 9. Nc3 a6 10. Qc2 Qe7 11. e4 dxe4 12. Nxe4 Nxe4 13. Bxe4 Bxe4 14. Qxe4 Nf6
15. Qc2 b5 16. Rfe1 bxc4 17. bxc4 c6 18. h3 Rfc8 19. Rad1 Qc7 20. Bc3 a5 21.
Qa4 Bb4 22. Bxb4 axb4 23. Qxb4 Rxa2 24. Ra1 Rxa1 25. Rxa1 h6 26. Ne5 Nd7 27.
Nxd7 Qxd7 28. Qc5 Rd8 29. Ra6 Qxd4 30. Qxd4 Rxd4 31. Rxc6 g5 32. g4 Kg7 33. Kg2
Kf6 34. Rc8 Ke5 35. Rh8 Rxc4 36. Rxh6 Rc8 37. Kg3 Rc3+ 38. f3 f5 39. gxf5 Kxf5
40. h4 gxh4+ 41. Rxh4 Ra3 1/2-1/2

[Event "Elit(Eksjo-Burgsvik)"]
[Site "?"]
[Date "2015.11.08"]
[Round "3"]
[White "Rasmussen, Allan Stig"]
[Black "Nygren, Kim"]
[Result "1-0"]
[WhiteElo "2498"]
[BlackElo "2272"]
[PlyCount "95"]

1. Nf3 Nf6 2. c4 g6 3. Nc3 Bg7 4. e4 d6 5. d4 O-O 6. Be2 e5 7. O-O Nc6 8. d5
Ne7 9. Ne1 Nd7 10. Be3 f5 11. f3 f4 12. Bf2 g5 13. Rc1 Nf6 14. c5 Ng6 15. cxd6
cxd6 16. Nb5 g4 17. Nc7 g3 18. Nxa8 Nh5 19. Kh1 gxf2 20. Rxf2 Bf6 21. Bf1 Bh4
22. Rfc2 Bd7 23. Nc7 Bg3 24. Nd3 Kh8 25. Ne6 Qh4 26. h3 Rg8 27. Rc7 Bxe6 28.
dxe6 Bf2 29. Nxf2 Qxf2 30. Qe1 Ng3+ 31. Kh2 Qxb2 32. R7c2 Qd4 33. Qf2 Qa4 34.
Rc8 Rxc8 35. Rxc8+ Kg7 36. Rc7+ Kf6 37. Bc4 Ne7 38. Bb3 Qa6 39. h4 h5 40. Qe1
Qb6 41. Rd7 a5 42. Bd5 Qc5 43. Rxb7 a4 44. Qg1 Qa5 45. Qb1 Qd2 46. Rxe7 Qf2 47.
Rf7+ Kg6 48. Bc4 1-0

[Event "Elit(Eksjo-Burgsvik)"]
[Site "?"]
[Date "2015.11.08"]
[Round "3"]
[White "Fries Nielsen, Jens Ove"]
[Black "Carlsson, Pontus"]
[Result "1/2-1/2"]
[WhiteElo "2424"]
[BlackElo "2434"]
[PlyCount "106"]

1. d4 e6 2. Nf3 c5 3. e3 d5 4. c3 Nc6 5. Nbd2 Nf6 6. Bd3 Bd6 7. O-O O-O 8. dxc5
Bxc5 9. b4 Bd6 10. Bb2 Ng4 11. b5 Nce5 12. Nxe5 Nxe5 13. Be2 Qc7 14. f4 Nc4 15.
Bxc4 dxc4 16. a4 Rd8 17. Qe2 a6 18. Nxc4 Bc5 19. Rab1 axb5 20. axb5 Ra4 21. Kh1
Bd7 22. Ne5 Be8 23. c4 f6 24. Nf3 Bg6 25. Rbd1 Rc8 26. Ra1 Rxa1 27. Rxa1 Be7
28. Rc1 Qd7 29. e4 Bh5 30. h3 Bxf3 31. gxf3 Bc5 32. Rd1 Qf7 33. Qg2 Bf8 34. Rc1
Bc5 35. f5 exf5 36. exf5 Be3 37. Rd1 Bh6 38. c5 Be3 39. c6 bxc6 40. bxc6 Bg5
41. f4 Bh6 42. Rd7 Qc4 43. Ba3 Qb5 44. Rb7 Qd3 45. Bc5 Qxf5 46. Be3 Qe6 47. c7
Qxe3 48. Qd5+ Kf8 49. Qd8+ Kf7 50. Qxc8 Qe1+ 51. Kg2 Qe2+ 52. Kg1 Qe1+ 53. Kg2
Qe2+ 1/2-1/2

[Event "Elit(Eksjo-Burgsvik)"]
[Site "?"]
[Date "2015.11.08"]
[Round "3"]
[White "Mikkelsen, Nikolaj"]
[Black "Linusson, Pelle"]
[Result "1/2-1/2"]
[WhiteElo "2462"]
[BlackElo "2215"]
[PlyCount "107"]

1. e4 e5 2. Nf3 Nc6 3. Bb5 a6 4. Ba4 Nf6 5. O-O Be7 6. d3 b5 7. Bb3 d6 8. a4
Bd7 9. c3 O-O 10. Nbd2 Na5 11. Bc2 c5 12. Re1 Re8 13. Nf1 Bf8 14. Bg5 h6 15.
Bxf6 Qxf6 16. Ne3 Be6 17. Nd2 g6 18. Bb1 h5 19. Ba2 Bh6 20. Ndf1 b4 21. Bd5
Rab8 22. Qe2 Rb6 23. Nd2 bxc3 24. bxc3 Bxe3 25. Qxe3 Reb8 26. Bxe6 Qxe6 27.
Rad1 Rb2 28. Nf3 R8b3 29. Qc1 Qf6 30. Rd2 Rxd2 31. Nxd2 Rb8 32. Qc2 Qe6 33. Rb1
Qe8 34. Rxb8 Qxb8 35. h4 Kg7 36. g3 Qb6 37. Kg2 Qb7 38. Qa2 Qc6 39. Kh2 Qb7 40.
Qc2 Qc6 41. Qa2 Qb7 42. Kg2 Qc6 43. Kf3 Qb7 44. Ke3 Kg8 45. Ke2 Kg7 46. Ke3 Kg8
47. Nc4 Nxc4+ 48. Qxc4 Kg7 49. a5 Kg8 50. d4 cxd4+ 51. cxd4 exd4+ 52. Qxd4 Qb5
53. Qb6 Qc4 54. Qb8+ 1/2-1/2

[Event "Elit(Eksjo-Burgsvik)"]
[Site "?"]
[Date "2015.11.08"]
[Round "3"]
[White "Andersson, Tommy"]
[Black "Ornstein, Axel"]
[Result "1/2-1/2"]
[WhiteElo "2374"]
[BlackElo "2326"]
[PlyCount "68"]

1. d4 Nf6 2. c4 e6 3. Nf3 c5 4. d5 d6 5. Nc3 exd5 6. cxd5 g6 7. Bf4 a6 8. a4
Bg7 9. h3 O-O 10. e3 Qe7 11. Bd3 Nbd7 12. O-O Ne8 13. a5 Rb8 14. Na4 b5 15.
axb6 Nxb6 16. Nxc5 Nxd5 17. Bg5 Nef6 18. Ne4 Rxb2 19. Nd4 Rb6 20. Ra5 Qd7 21.
Nxf6+ Nxf6 22. Qe2 Bb7 23. Bxa6 Ra8 24. Rfa1 Ne4 25. Bxb7 Rxa5 26. Rxa5 Qxb7
27. Qa2 Nxg5 28. Rxg5 Be5 29. f4 Bxd4 30. exd4 Qe4 31. Qd2 Rb1+ 32. Kh2 Rf1 33.
f5 h6 34. Rg4 Qxf5 1/2-1/2

[Event "Elit(Eksjo-Burgsvik)"]
[Site "?"]
[Date "2015.11.08"]
[Round "3"]
[White "Bejtovic, Jasmin"]
[Black "Packalen, Marcus"]
[Result "1/2-1/2"]
[WhiteElo "2367"]
[BlackElo "2162"]
[PlyCount "42"]

1. e4 Nc6 2. d4 e5 3. Nf3 exd4 4. Nxd4 Bb4+ 5. c3 Bc5 6. Be3 Bb6 7. Bc4 Nf6 8.
Nxc6 bxc6 9. Bxb6 axb6 10. e5 Qe7 11. O-O Nd5 12. Bxd5 cxd5 13. Qxd5 Ra5 14.
Qd4 Rxe5 15. Nd2 O-O 16. Nf3 Re6 17. Qf4 Bb7 18. Nd4 Re5 19. Rad1 Re8 20. c4 d6
21. f3 h6 1/2-1/2

[Event "Elit(Eksjo-Burgsvik)"]
[Site "?"]
[Date "2015.11.08"]
[Round "3"]
[White "Zadruzny, Nicolaj"]
[Black "Vernersson, Per"]
[Result "1/2-1/2"]
[WhiteElo "2235"]
[BlackElo "2318"]
[PlyCount "49"]

1. e4 c6 2. Nf3 d5 3. exd5 cxd5 4. Ne5 Nc6 5. d4 Nxe5 6. dxe5 e6 7. Bd3 Ne7 8.
Qe2 Nc6 9. O-O Bd7 10. c3 g6 11. Nd2 Bg7 12. f4 O-O 13. Nf3 f6 14. exf6 Bxf6
15. Be3 Qe7 16. Rae1 Rae8 17. Qf2 b6 18. Qg3 Qg7 19. Re2 e5 20. fxe5 Nxe5 21.
Nxe5 Bxe5 22. Rxf8+ Rxf8 23. Qh4 Qf6 24. Qxf6 Bxf6 25. g3 1/2-1/2

[Event "Elit(Eksjo-Burgsvik)"]
[Site "?"]
[Date "2015.11.08"]
[Round "3"]
[White "Malesevic, Nedeljko"]
[Black "Larsson, Victor"]
[Result "1/2-1/2"]
[WhiteElo "2260"]
[BlackElo "2188"]
[PlyCount "39"]

1. d4 d5 2. Nf3 Nf6 3. c4 e6 4. cxd5 exd5 5. Bg5 c6 6. Nc3 Be7 7. Qc2 g6 8. e3
Bf5 9. Bd3 Bxd3 10. Qxd3 Nbd7 11. O-O O-O 12. Rab1 a5 13. Qc2 Re8 14. a3 Ne4
15. Bxe7 Qxe7 16. b4 axb4 17. axb4 b6 18. Nxe4 dxe4 19. Nd2 c5 20. bxc5 1/2-1/2

[Event "Elit(Eksjo-Manhem)"]
[Site "?"]
[Date "2016.01.16"]
[Round "4"]
[White "Rozentalis, Eduardas"]
[Black "Grandelius, Nils"]
[Result "1/2-1/2"]
[WhiteElo "2572"]
[BlackElo "2635"]
[PlyCount "95"]
[SourceDate "2016.01.19"]

1. e4 c5 2. Nf3 d6 3. Bb5+ Nd7 4. O-O a6 5. Bxd7+ Bxd7 6. d4 cxd4 7. Qxd4 Rc8
8. Bg5 h6 9. Bh4 Qc7 10. Nc3 e5 11. Qd3 Be6 12. Rfd1 g5 13. Bg3 Nf6 14. Nd2 Be7
15. Nf1 Qb6 16. Ne3 Qxb2 17. Ncd5 Nxd5 18. exd5 Bd7 19. c4 Qd4 20. Qe2 Qe4 21.
Rab1 b5 22. f3 Qg6 23. cxb5 axb5 24. Rxb5 O-O 25. Rb7 Rfd8 26. Bf2 Rb8 27. Rc7
Bb5 28. Qd2 Re8 29. Rdc1 Bd8 30. R7c6 Bb6 31. R6c2 Bd3 32. Rc6 Bb5 33. R6c2 Bd4
34. Nd1 Ba4 35. Rc4 Bxd1 36. Qxd1 Bxf2+ 37. Kxf2 e4 38. fxe4 Rxe4 39. Qc2 Rbe8
40. Rxe4 Rxe4 41. Qc8+ Kg7 42. Qc3+ Qf6+ 43. Kg1 Ra4 44. a3 Rd4 45. Rf1 Qe5 46.
Re1 Qf6 47. Rf1 Qe5 48. Re1 1/2-1/2

[Event "Elit(Eksjo-Manhem)"]
[Site "?"]
[Date "2016.01.16"]
[Round "4"]
[White "Carlsson, Pontus"]
[Black "Winsnes, Rikard"]
[Result "1/2-1/2"]
[WhiteElo "2430"]
[BlackElo "2399"]
[PlyCount "160"]

1. e4 c5 2. Nf3 Nc6 3. Bb5 d6 4. Bxc6+ bxc6 5. O-O e5 6. c3 Bg4 7. h3 Bh5 8. d4
cxd4 9. cxd4 Bxf3 10. Qxf3 exd4 11. e5 d5 12. Nd2 Qd7 13. Nb3 c5 14. Bg5 h6 15.
Bd2 Rc8 16. Rac1 h5 17. Rc2 d3 18. Qxd3 c4 19. Qc3 Ne7 20. Nd4 Nc6 21. e6 fxe6
22. Nxe6 Kf7 23. Re1 Kg8 24. Qf3 Re8 25. Qf5 Nd8 26. Nxg7 Rxe1+ 27. Bxe1 Qxg7
28. Qxd5+ Nf7 29. Rxc4 Rh6 30. Bc3 Qg6 31. Re4 Qd6 32. Qc4 Rg6 33. Rf4 Qe6 34.
Qd3 Qc6 35. Rf3 h4 36. Qf5 Qe6 37. Qxe6 Rxe6 38. Rf4 Be7 39. Kf1 a6 40. Rg4+
Kf8 41. Rc4 Rg6 42. Rc8+ Nd8 43. Rc4 Ke8 44. Rc7 Nf7 45. a3 Ng5 46. Rc4 Nf7 47.
Rc7 Kd8 48. Ba5 Ke8 49. Bc3 Bd8 50. Rc4 Kd7 51. Rd4+ Nd6 52. Bb4 Kc6 53. a4 Re6
54. Be1 Bf6 55. Rf4 Kd5 56. b4 Be7 57. f3 Nc4 58. Bxh4 Bxb4 59. Bf2 Nd2+ 60.
Kg1 a5 61. h4 Rc6 62. Rd4+ Ke5 63. Rd3 Rc1+ 64. Kh2 Rc2 65. Kh3 Kf6 66. Bd4+
Ke6 67. h5 Rc1 68. Be3 Rh1+ 69. Kg4 Nc4 70. Bd4 Be7 71. g3 Bd6 72. f4 Rh2 73.
Rc3 Kd5 74. Bg7 Bc5 75. h6 Ne3+ 76. Kg5 Rg2 77. h7 Rxg3+ 78. Kh5 Rh3+ 79. Kg6
Rg3+ 80. Kh5 Rh3+ 1/2-1/2

[Event "Elit(Eksjo-Manhem)"]
[Site "?"]
[Date "2016.01.16"]
[Round "4"]
[White "Hultin, Johan"]
[Black "Rasmussen, Allan Stig"]
[Result "0-1"]
[WhiteElo "2319"]
[BlackElo "2489"]
[PlyCount "150"]

1. c4 f5 2. d4 Nf6 3. g3 d6 4. Nf3 g6 5. Bg2 Bg7 6. O-O O-O 7. Nc3 c6 8. d5 e5
9. dxc6 bxc6 10. c5 e4 11. Nd4 dxc5 12. Nb3 Nd5 13. Nxc5 Na6 14. N3a4 Nxc5 15.
Nxc5 Rb8 16. Qc2 Qa5 17. Rd1 Rb5 18. Na4 Rb4 19. Nc5 Qb5 20. Nb3 Rc4 21. Qd2
Nb4 22. Bf1 e3 23. fxe3 Re8 24. a4 Qe5 25. Qd6 Nc2 26. Rb1 Qxd6 27. Rxd6 Be5
28. Rd3 Nb4 29. Rd1 Be6 30. Nd4 Bd5 31. Bd2 Bxd4 32. exd4 Rxd4 33. Bc3 Rxd1 34.
Rxd1 Nc2 35. h3 Kf7 36. Kf2 g5 37. Rd2 Ne3 38. Rd3 Nc4 39. Bd4 a6 40. b3 Nd6
41. a5 f4 42. gxf4 gxf4 43. Bb6 Rg8 44. Bc7 Ne4+ 45. Ke1 Nc5 46. Rc3 Ne6 47.
Bb6 Kf6 48. e4 Bxe4 49. Bxa6 Ke5 50. Bb7 c5 51. Bxe4 Kxe4 52. Bxc5 Nxc5 53.
Rxc5 Kf3 54. a6 Kg2 55. b4 f3 56. Rd5 Ra8 57. Rg5+ Kxh3 58. b5 h5 59. Rxh5+ Kg3
60. Rg5+ Kf4 61. Rg7 Re8+ 62. Kf1 Rc8 63. a7 Rc1+ 64. Kf2 Rc2+ 65. Kg1 Rc1+ 66.
Kh2 Ra1 67. b6 f2 68. b7 Rh1+ 69. Kxh1 f1=Q+ 70. Kh2 Qf2+ 71. Rg2 Qxa7 72. Rb2
Qb8 73. Kg2 Ke3 74. Kf1 Kd3 75. Ke1 Qe5+ 0-1

[Event "Elit(Eksjo-Manhem)"]
[Site "?"]
[Date "2016.01.16"]
[Round "4"]
[White "Bejtovic, Jasmin"]
[Black "Welin, Mats"]
[Result "0-1"]
[WhiteElo "2365"]
[BlackElo "2328"]
[PlyCount "140"]
[SourceDate "2016.01.19"]

1. Nf3 d5 2. g3 Nf6 3. Bg2 c6 4. d3 Bg4 5. O-O Nbd7 6. Nbd2 e6 7. e4 Be7 8. h3
Bh5 9. Re1 O-O 10. e5 Ne8 11. g4 Bg6 12. Nf1 Nc7 13. Ng3 f6 14. exf6 Bxf6 15.
g5 Be7 16. h4 Qe8 17. d4 Qf7 18. Qe2 e5 19. Nxe5 Nxe5 20. dxe5 Ne6 21. Rf1 Nd4
22. Qg4 Nxc2 23. e6 Qe8 24. Rb1 Bc5 25. b4 Bb6 26. Rb3 Nd4 27. Re3 Nf5 28. Re2
Nd4 29. Re3 Nf5 30. Re2 Qe7 31. Bb2 d4 32. a3 Rae8 33. Re5 Nxg3 34. fxg3 Qd6
35. Rxf8+ Rxf8 36. e7 Re8 37. Re6 Qd7 38. Kh2 Rxe7 39. Bh3 Rxe6 40. Qxe6+ Qxe6
41. Bxe6+ Kf8 42. Kg2 Be4+ 43. Kf1 Ke7 44. Bc4 a6 45. a4 Kd6 46. Ke2 c5 47. Ba3
cxb4 48. Bxb4+ Bc5 49. Bd2 Kc6 50. a5 Bd6 51. g4 Kc5 52. Be6 Bc7 53. h5 b6 54.
axb6 Bxb6 55. Bc1 Kd6 56. Bc4 a5 57. Bb5 Kc5 58. Bd7 g6 59. Be8 Kc4 60. Bf7+
Kc3 61. Bg8 Kc2 62. Bf4 d3+ 63. Ke1 gxh5 64. gxh5 Bd4 65. Bd2 Bc3 66. Bxc3 Kxc3
67. Bxh7 Bxh7 68. g6 Bg8 69. h6 d2+ 70. Ke2 Bc4+ 0-1

[Event "Elit(Eksjo-Manhem)"]
[Site "?"]
[Date "2016.01.16"]
[Round "4"]
[White "Moberg, Karl Johan"]
[Black "Ornstein, Axel"]
[Result "1/2-1/2"]
[WhiteElo "2295"]
[BlackElo "2332"]
[PlyCount "72"]
[EventDate "2016.??.??"]

1. d4 Nf6 2. c4 e6 3. Nc3 Bb4 4. e3 O-O 5. Nge2 d5 6. a3 Bd6 7. Ng3 Re8 8. cxd5
exd5 9. Be2 c6 10. O-O a5 11. Bf3 Nbd7 12. Re1 Nf8 13. e4 dxe4 14. Ngxe4 Nxe4
15. Nxe4 Be7 16. Be3 Bf5 17. Nc3 Ng6 18. g3 Bf6 19. Qd2 h6 20. Rad1 Ne7 21. Bf4
Be6 22. Be5 Bxe5 23. dxe5 Bb3 24. Qxd8 Rexd8 25. Rxd8+ Rxd8 26. Ne4 Rd3 27. Be2
Rd5 28. f4 b6 29. Bf3 Kf8 30. Kf2 c5 31. Nd6 Rd4 32. Re4 Rd2+ 33. Re2 Rd1 34.
Re3 Rd2+ 35. Re2 Rd4 36. Re4 Rd2+ 1/2-1/2

[Event "Elit(Eksjo-Manhem)"]
[Site "?"]
[Date "2016.01.16"]
[Round "4"]
[White "Vernersson, Per"]
[Black "Akesson, Joel"]
[Result "1/2-1/2"]
[WhiteElo "2315"]
[BlackElo "2293"]
[PlyCount "68"]

1. d4 Nf6 2. c4 e6 3. g3 Bb4+ 4. Nd2 O-O 5. a3 Be7 6. Ngf3 b6 7. Bg2 Bb7 8. b3
c5 9. Bb2 cxd4 10. Bxd4 d6 11. O-O Nbd7 12. Bb2 Rc8 13. Rc1 Qc7 14. b4 Qb8 15.
Qb3 a6 16. h3 Rfd8 17. Rfd1 Qa8 18. Ne1 Bxg2 19. Nxg2 b5 20. Qd3 bxc4 21. Nxc4
d5 22. Na5 Ne4 23. Ne1 Bg5 24. Rxc8 Rxc8 25. Nf3 Bf6 26. Bxf6 Ndxf6 27. Qe3 Rc3
28. Rd3 Rc2 29. Nd4 Rc8 30. Qf4 h6 31. Nf3 Rc2 32. Nd4 Rc8 33. Nf3 Rc2 34. Nd4
Rc8 1/2-1/2

[Event "Elit(Eksjo-Manhem)"]
[Site "?"]
[Date "2016.01.16"]
[Round "4"]
[White "Fendrich, David"]
[Black "Malesevic, Nedeljko"]
[Result "1-0"]
[WhiteElo "2181"]
[BlackElo "2265"]
[PlyCount "69"]

1. g3 d5 2. c4 c6 3. Bg2 Nf6 4. Nf3 Bf5 5. cxd5 cxd5 6. Qb3 Qc8 7. Nc3 e6 8.
O-O Be7 9. d3 Nc6 10. Bf4 O-O 11. Rac1 Qd7 12. Rfe1 d4 13. Nb5 Rac8 14. Ne5
Nxe5 15. Bxe5 Ng4 16. Bxd4 a6 17. h3 axb5 18. hxg4 Bxg4 19. Bc3 h5 20. Rcd1 h4
21. gxh4 Bxh4 22. Qb4 f5 23. Qf4 Bd8 24. Rc1 Bb6 25. Qg5 Qf7 26. e4 Bd8 27. Qf4
Bc7 28. Qg5 Bd8 29. Qf4 Qg6 30. exf5 Bxf5 31. Qg3 Qh6 32. Bxg7 Qxc1 33. Bh6+
Bg5 34. Rxc1 Rxc1+ 35. Kh2 1-0

[Event "Elit(Eksjo-Manhem)"]
[Site "?"]
[Date "2016.01.16"]
[Round "4"]
[White "Gustafsson, Fredrik"]
[Black "Al Hadarani, Hatim"]
[Result "1/2-1/2"]
[WhiteElo "2205"]
[BlackElo "2272"]
[PlyCount "97"]

1. e4 c6 2. Nc3 d5 3. Nf3 g6 4. d4 Bg7 5. exd5 cxd5 6. Bf4 Nf6 7. Qd2 O-O 8.
O-O-O Nc6 9. Ne5 Bf5 10. f3 Rc8 11. g4 Be6 12. h4 Qa5 13. Kb1 Nd7 14. Nxd7 Bxd7
15. Bh6 Nb4 16. Bxg7 Kxg7 17. a3 Na6 18. h5 Rh8 19. Qg5 Rxc3 20. h6+ Kf8 21.
bxc3 f6 22. Qc1 Qxc3 23. Rd3 Qc6 24. Qb2 Kf7 25. Rc3 Qd6 26. Bd3 Nc7 27. Rb3 b5
28. Re1 a6 29. Bf1 Re8 30. Rbe3 a5 31. Qc3 Ne6 32. Qxa5 Nxd4 33. Qb4 Qxb4+ 34.
axb4 e5 35. c3 Ne6 36. Kb2 Rc8 37. Ra1 d4 38. cxd4 Nxd4 39. Ra7 Ke6 40. Rc3
Rxc3 41. Kxc3 Nxf3 42. Bxb5 Bxb5 43. Rxh7 e4 44. Rb7 e3 45. Rb6+ Ke7 46. Rb7+
Kd6 47. Rb6+ Kd7 48. Rb7+ Ke6 49. Rb6+ 1/2-1/2

[Event "Elit(Limhamn-LASK)"]
[Site "?"]
[Date "2016.01.16"]
[Round "4"]
[White "Hillarp Persson, Tiger"]
[Black "Jepson, Christian"]
[Result "0-1"]
[WhiteElo "2522"]
[BlackElo "2431"]
[PlyCount "66"]

1. d4 d5 2. c4 e6 3. Nc3 c5 4. cxd5 cxd4 5. Qa4+ Bd7 6. Qxd4 exd5 7. Qxd5 Nf6
8. Qd1 Bc5 9. Nf3 Nc6 10. e3 Qe7 11. Be2 O-O-O 12. O-O g5 13. b4 Bxb4 14. Bb2
g4 15. Nd4 Kb8 16. Ncb5 Rhg8 17. Rc1 a6 18. Rxc6 bxc6 19. Na7 Kxa7 20. Qd3 Nd5
21. a3 c5 22. Qxa6+ Kb8 23. axb4 Rg6 24. Qa5 cxd4 25. Bxd4 Nc7 26. b5 Bxb5 27.
Bxb5 Rd5 28. Qa7+ Kc8 29. Bc4 Rh5 30. Rb1 Rc6 31. Qb7+ Kd7 32. Be2 Qh4 33. h3
gxh3 0-1

[Event "Elit(Limhamn-LASK)"]
[Site "?"]
[Date "2016.01.16"]
[Round "4"]
[White "Hector, Jonny"]
[Black "Tikkanen, Hans"]
[Result "1-0"]
[WhiteElo "2474"]
[BlackElo "2511"]
[PlyCount "85"]

1. e4 e6 2. d4 d5 3. Nc3 Bb4 4. a3 Bxc3+ 5. bxc3 dxe4 6. Qg4 Nf6 7. Qxg7 Rg8 8.
Qh6 Rg6 9. Qd2 c5 10. Ne2 Nc6 11. dxc5 Qa5 12. Nd4 Qxc5 13. Nb5 Kf8 14. a4 Kg8
15. Ba3 Qd5 16. Qe3 Qe5 17. O-O-O Bd7 18. f4 exf3 19. Qxf3 a6 20. Nd6 Rg4 21.
Nxf7 Qf4+ 22. Qxf4 Rxf4 23. Nd6 Rxa4 24. Bb2 b6 25. Be2 e5 26. Nc4 Rb8 27. Rd6
b5 28. Ne3 Rf4 29. c4 Rb7 30. cxb5 axb5 31. Bf3 Ne4 32. Bxe4 Rxe4 33. Nd5 Rc4
34. Nf6+ Kf7 35. Rxd7+ Rxd7 36. Nxd7 Ke6 37. Nf8+ Ke7 38. Nxh7 Rg4 39. h4 Rxg2
40. Ng5 Kf6 41. Nf3 Nb4 42. Bxe5+ Kf5 43. Ne1 1-0

[Event "Elit(Limhamn-LASK)"]
[Site "?"]
[Date "2016.01.16"]
[Round "4"]
[White "Smith, Axel"]
[Black "Lindgren, Philip"]
[Result "1-0"]
[WhiteElo "2491"]
[BlackElo "2414"]
[PlyCount "101"]

1. c4 c6 2. e4 d5 3. exd5 cxd5 4. d4 Nf6 5. Nc3 e6 6. Nf3 Bb4 7. cxd5 Nxd5 8.
Qc2 Nc6 9. a3 Be7 10. Bd3 h6 11. O-O O-O 12. Qe2 Re8 13. Rd1 Bf8 14. Ne4 Bd7
15. Be3 Qc7 16. Rac1 Nf4 17. Bxf4 Qxf4 18. Nc5 Bxc5 19. dxc5 e5 20. Qe4 Qxe4
21. Bxe4 Re7 22. Rd6 f5 23. Bd5+ Kh7 24. Re1 e4 25. Nh4 g5 26. Bxc6 bxc6 27.
Ng6 Re6 28. Rxe6 Bxe6 29. Ne7 Bd5 30. Nxf5 Rb8 31. b4 a5 32. Rb1 axb4 33. axb4
Bc4 34. Nd4 Bd5 35. Kf1 Ra8 36. Rb2 Ra1+ 37. Ke2 Rg1 38. g3 Rh1 39. Ke3 Rd1 40.
Nf5 Rd3+ 41. Ke2 Bc4 42. Ke1 Ra3 43. Nd6 Bd5 44. Rd2 e3 45. Rxd5 cxd5 46. fxe3
Rxe3+ 47. Kd2 d4 48. b5 Kg8 49. b6 Kf8 50. b7 Rb3 51. c6 1-0

[Event "Elit(Limhamn-LASK)"]
[Site "?"]
[Date "2016.01.16"]
[Round "4"]
[White "Brynell, Stellan"]
[Black "Semcesen, Daniel"]
[Result "1/2-1/2"]
[WhiteElo "2420"]
[BlackElo "2432"]
[PlyCount "38"]

1. d4 d5 2. Nf3 Nf6 3. c4 c6 4. Nc3 a6 5. e3 Bf5 6. Bd3 Bxd3 7. Qxd3 e6 8. O-O
Bb4 9. Bd2 O-O 10. Rfd1 Ba5 11. a3 Nbd7 12. Rac1 Re8 13. b4 Bc7 14. e4 e5 15.
cxd5 cxd5 16. Bg5 Qb8 17. Bxf6 Nxf6 18. Nxe5 dxe4 19. Nxe4 Bxe5 1/2-1/2

[Event "Elit(Limhamn-LASK)"]
[Site "?"]
[Date "2016.01.16"]
[Round "4"]
[White "Hall, Jesper"]
[Black "Schneider, Stefan"]
[Result "1-0"]
[WhiteElo "2495"]
[BlackElo "2378"]
[PlyCount "83"]

1. e4 Nf6 2. e5 Nd5 3. d4 d6 4. Nf3 dxe5 5. Nxe5 c6 6. Bc4 Nd7 7. Nf3 N7f6 8.
O-O Bf5 9. Re1 e6 10. Bg5 Be7 11. Nbd2 O-O 12. c3 h6 13. Bh4 Nf4 14. Ne5 N6d5
15. Bg3 Ng6 16. Nef3 Bd6 17. a4 Qc7 18. Ne4 Bxe4 19. Rxe4 Rad8 20. Qc2 Nge7 21.
Bxd6 Qxd6 22. Rae1 c5 23. Ba2 Rfe8 24. Ne5 cxd4 25. Rxd4 Nf5 26. Rxd5 exd5 27.
Qxf5 Qe6 28. Qb1 Qf6 29. Nf3 Re4 30. Nd4 Rde8 31. Rf1 Qe5 32. g3 a6 33. Qd3 Re1
34. Nf3 Rxf1+ 35. Kxf1 Qh5 36. Bxd5 Qh3+ 37. Kg1 Qd7 38. a5 Qc7 39. b4 Kh8 40.
Kg2 Qd6 41. Qf5 Qc7 42. Bxf7 1-0

[Event "Elit(Limhamn-LASK)"]
[Site "?"]
[Date "2016.01.16"]
[Round "4"]
[White "Penalver, Osmani"]
[Black "Dragicevic, Drazen"]
[Result "1/2-1/2"]
[WhiteElo "2251"]
[BlackElo "2309"]
[PlyCount "188"]

1. d4 Nf6 2. c4 e6 3. Nc3 d5 4. cxd5 exd5 5. Bg5 Be7 6. e3 O-O 7. Bd3 c6 8. Qc2
h6 9. Bh4 b5 10. Nf3 Na6 11. a3 b4 12. Ne2 bxa3 13. bxa3 Qa5+ 14. Qc3 Qxc3+ 15.
Nxc3 Rb8 16. Nd2 Rd8 17. Bg3 Ra8 18. Nb3 c5 19. Bb5 cxd4 20. Nxd4 Bb7 21. Bc6
Nc5 22. Bxb7 Nxb7 23. Nc6 Re8 24. Be5 Bd8 25. Nxd8 Raxd8 26. Bd4 Na5 27. O-O
Nb3 28. Rad1 Nxd4 29. Rxd4 Rd7 30. Rfd1 Rc8 31. R4d3 Rc5 32. f3 Ra5 33. Ne2 Rb7
34. Rc1 Rb2 35. Nd4 Ra2 36. Rcc3 Ra6 37. Nc2 Rb6 38. Nb4 Ra1+ 39. Kf2 a5 40.
Nc2 Rb2 41. Rd2 Raa2 42. Re2 Nd7 43. Nd4 Rxe2+ 44. Nxe2 Ne5 45. h3 Kf8 46. f4
Nc4 47. e4 Nd6 48. Ke3 dxe4 49. g4 g6 50. f5 gxf5 51. gxf5 Rxa3 52. Rxa3 Nc4+
53. Kxe4 Nxa3 54. Nc3 Ke7 55. h4 Nc4 56. Nd5+ Kd6 57. Kd4 Ne5 58. h5 Nd7 59.
Ne3 Ne5 60. Nd5 Nf3+ 61. Ke4 Nh4 62. Ne3 a4 63. Kd4 Nf3+ 64. Kc3 Nh2 65. Kd4 f6
66. Nc4+ Kc6 67. Ne3 Kd6 68. Nc4+ Kc6 69. Ne3 a3 70. Nc2 Nf3+ 71. Ke3 Nh4 72.
Ke4 Kc5 73. Nxa3 Ng2 74. Nc2 Kc4 75. Kf3 Kc3 76. Na3 Kb4 77. Nb1 Ne1+ 78. Ke4
Kc4 79. Nd2+ Kc3 80. Nf1 Nd3 81. Ne3 Nc5+ 82. Kd5 Kd3 83. Ng4 Ne4 84. Ke6 Ng3
85. Kxf6 Nxh5+ 86. Ke5 Kc4 87. Nxh6 Kc5 88. Ng8 Kc6 89. Ne7+ Kd7 90. Nd5 Kd8
91. Nf4 Nxf4 92. Kxf4 Ke7 93. Kg5 Kf7 94. f6 Kf8 1/2-1/2

[Event "Elit(Limhamn-LASK)"]
[Site "?"]
[Date "2016.01.16"]
[Round "4"]
[White "Hansson, Fredrik"]
[Black "Tadjerbashi, Amir"]
[Result "1/2-1/2"]
[WhiteElo "2102"]
[BlackElo "2227"]
[PlyCount "65"]

1. e4 e5 2. Nf3 Nc6 3. Bb5 a6 4. Ba4 Nf6 5. O-O Be7 6. Re1 b5 7. Bb3 O-O 8. a4
Bb7 9. Nc3 Na5 10. Ba2 b4 11. Nd5 Nxd5 12. Bxd5 c6 13. Ba2 b3 14. cxb3 d5 15.
d3 Bb4 16. Bd2 c5 17. Bxb4 cxb4 18. exd5 Bxd5 19. Nxe5 Qg5 20. Qg4 Qxg4 21.
Nxg4 Rfe8 22. Ne5 Bxb3 23. Bxb3 Nxb3 24. Rad1 Re6 25. d4 f6 26. Nf3 Rxe1+ 27.
Nxe1 Rd8 28. Nc2 a5 29. Kf1 Nc5 30. Ra1 Nb3 31. Rd1 Nc5 32. Ra1 Nb3 33. Rd1
1/2-1/2